| 000 | 00581nam a22001457a 4500 | ||
|---|---|---|---|
| 008 | 230328b |||||||| |||| 00| 0 eng d | ||
| 040 |
_aNational Science Library _cNational Science Library |
||
| 080 |
_aD681.322(082.2) _bK1 |
||
| 245 |
_aComputer applications-1960 _c/ Proceedings of the 1960 Computer Application Symposium, October 26 and 27, 1960, Armour Research Foundation of Illinois Institute of technology, Chicago |
||
| 260 |
_aLondon: _bMacmillan Company, _c1961 |
||
| 300 | _a193p. | ||
| 650 | _aComputer science | ||
| 700 | _aMittman, Benjamin (Ed.) | ||
| 942 |
_2udc _cPR |
||
| 999 |
_c15874 _d15874 |
||